书目信息 |
| 题名: |
台球打法与比赛
|
|
| 作者: | 宋文彬 , 宋远春 编译 | |
| 分册: | ||
| 出版信息: | 北京 人民体育出版社 1989.04 |
|
| 页数: | 353页 | |
| 开本: | 19cm | |
| 丛书名: | ||
| 单 册: | ||
| 中图分类: | G893 | |
| 科图分类: | ||
| 主题词: | 文娱性体育活动 | |
| 电子资源: | ||
| ISBN: | 7-5009-0296-4 | |
| 000 | 00596nam0 2200205 45 | |
| 001 | 0405090910 | |
| 005 | 20040509094652.4 | |
| 010 | @a7-5009-0296-4@dCNY8.50 | |
| 100 | @a20040509d1989 km y0chiy0120 ea | |
| 101 | 0 | @achi |
| 105 | @a z 000yy | |
| 200 | 1 | @a台球打法与比赛@ATai Qiu Da Fa Yu Bi Sai@f宋文彬,宋远春编译@FSong Wen Bin,Song Yuan Chun Bian Yi |
| 210 | @a北京@c人民体育出版社@d1989.04 | |
| 215 | @a353页@d19cm | |
| 606 | 0 | @a文娱性体育活动 |
| 690 | @aG893@v3 | |
| 701 | 0 | @a宋文彬@4编译 |
| 701 | 0 | @a宋远春@4编译 |
| 801 | @aCN@bTSTCL@c20040509 | |
| 905 | @f2@b258275-276@dG893@e136 | |
| 台球打法与比赛/宋文彬,宋远春编译.-北京:人民体育出版社,1989.04 |
| 353页;19cm |
| ISBN 7-5009-0296-4:CNY8.50 |
| ● |
| 相关链接 |
|
|
|
|
正题名:台球打法与比赛
索取号:G893/136
 
预约/预借
| 序号 | 登录号 | 条形码 | 馆藏地/架位号 | 状态 | 备注 |
| 1 | 0258274 | 000306485 | 第一样本阅览室/ [索取号:G893/136] | 在馆 | |
| 2 | 0258275 | 000306608 | 第四借阅区/ [索取号:G893/136] | 在馆 | |
| 3 | 0258276 | 000306412 | 第四借阅区/ [索取号:G893/136] | 在馆 |